1979 1495 1433 1395 1448 1762 1223 1378 1080 1064 1977 1500 1106 1062 1931 1540 1264 1833 1723 1566 1939 1198 1276 1546 1306 1520 1628 1254 1420 1474 1131 1259 1049 1093 1320 1944 1986 1420 1718 1619 1577 1307 1159 1940 1878 1931 1427 1404 1281 1249 1156 1860 1334 1405 1247 1075 1163 1027 1944 1904 1380 1830 1023 1284 1732 1907 1727 1031 1046 1112 1461 1117 1570 1949 1112 1334 1686 1300 1399 1013 1118 1020 1687 1907 1488 1027 1206 1575 1290 1290 1375 1895 1790 1769 1779 1320 1703 1743 1392 BCNSPRNW ULIB Ver.6.0+V

เปลี่ยนเป็นภาษาไทย

Change to English
 แสดงรายละเอียดบรรณานุกรม
  กลับหน้าหลัก

Brief Record : Get Marc (ISO 2709) : E-mail record : QR code < ปิดหน้าต่าง
LEADER : 00000nam 2200000uu 4500
001    13399121253
003     ULIB
008    110826s2555||||th 000 0 tha d
020    9789743652080
050  4 HA62^bศ452ก
100 0  ศิริชัย กาญจนวาสี
245 10 การเลือกใช้สถิติที่เหมาะสมสำหรับการวิจัย /^cศิริชัย กาญจนวาสี,ทวีวัฒน์ ปิตยานนท์ และ ดิเรก ศรีสุโข
250    พิมพ์ครั้งที่ 6
260    กรุงเทพฯ :^bจุฬาลงกรณ์มหาวิทยาลัย,^c2555
300    219 หน้า :^bภาพประกอบ ;^c27 ซม.
650  4 วิจัย
650  4 วิจัย^xระเบียบวิธีทางสถิติ
650  4 วิจัย^xสถิติ
650  4 สถิติ
650  4 สถิติวิเคราะห์
650  4 สถิติศาสตร์
650  4 สังคมศาสตร์^xระเบียบวิธีทางสถิติ
700 02 ทวีวัฒน์ ปิตยานนท์
700 02 ดิเรก ศรีสุโข
945    ^p200^l0^i033029
995    ทศพร
999 ^a ทศพร
รายการนี้ยังไม่มีแท็ก
คุณยังไม่ได้ล็อกอิน คุณสามารถมีกิจกรรมร่วมกับเว็บไซต์ได้ แต่ต้องล็อกอินก่อน ::
  ล็อกอิน

รายการสื่อสารสนเทศ

ลำดับที่ ประเภท เลขเรียก/บาร์โค้ด สถานที่ สถานะ
1. วิทยาศาสตร์การแพทย์ และสุขภาพ
วิทยาศาสตร์การแพทย์ และสุขภาพ
HA62 ศ452ก ฉ.1 
  Barcode: 033029
ห้องสมุดวิทยาเขตสวรรค์ประชารักษ์
►หนังสือทั่วไป
บนชั้น

รายการใกล้เคียง
    ผู้แต่ง [ศิริชัย กาญจนวาสี]

    หัวเรื่อง [วิจัย]
    หัวเรื่อง [สถิติ]
    หัวเรื่อง [สถิติวิเคราะห์]
    หัวเรื่อง [สถิติศาสตร์]

BibComment


ยังไม่เคยถูกคอมเมนท์

คอมเมนท์ทรัพยากรรายการนี้
  คอมเมนท์: การเลือกใช้สถิติท..


 Copyright 2026. Bcnsprnw @Library